[Event "Hunan Belt and Road Open 2019"]
[Site "Hunan"]
[Date "2019.08.02"]
[Round "5.22"]
[White "Chen, Qi b"]
[Black "Liu, Yan"]
[Result "1/2-1/2"]
[WhiteElo "2414"]
[BlackElo "2516"]
[Annotator "TA"]
[PlyCount "59"]
[EventDate "2019.07.29"]
[EventType "swiss"]
[EventCountry "CHN"]
[SourceTitle "playchess.com"]
[Source "ChessBase"]
[SourceQuality "1"]

{[%evp 18,59,14,14,18,16,14,17,12,11,18,9,10,9,9,8,10,10,10,0,0,0,0,5,20,7,6,0,0,0,0,0,0,0,0,0,0,0,0,0,0,0,0,0]} 1. e4 e5 2. Nf3 Nc6 3. Bb5 Nf6 4. O-O Nxe4 5. Re1 Nd6 6. Nxe5 Be7 7. Bf1 Nxe5 8. Rxe5 O-O 9. d4 Bf6 10. Re1 {The position is equal.} Re8 {C67: Ruy Lopez: Berlin Defence: 4 0-0 Nxe4} 11. c3 Rxe1 12. Qxe1 Ne8 13. Bf4 d5 14. Bd3 g6 15. Nd2 Ng7 16. Nf3 {[#]} Bf5 $146 ({Predecessor:} 16... c6 17. Qe2 Bf5 18. Bxf5 {½-½ (30) Kovalev,V (2664)-Grischuk,A (2769) Douglas 2018}) 17. Bxf5 Nxf5 18. Qe2 c6 19. Re1 Ng7 20. Be5 Ne6 21. Bxf6 Qxf6 22. Ne5 Re8 23. Ng4 Qd8 24. Qe5 {Hoping for Nf6+.} Ng7 25. Qxe8+ $1 {[%mdl 64] Decoy} ({Don't blunder} 25. Nh6+ $2 Kf8 $19) 25... Nxe8 {[#]} 26. Rxe8+ $1 {[%mdl 576] Remove Defender} Qxe8 {[%cal Re8e1]} 27. Nf6+ {[%mdl 64] Double Attack} Kf8 {[%cal Re8e1]} 28. Nxe8 Kxe8 29. f4 f5 30. Kf2 {Accuracy: White = 70%, Black = 87%.} 1/2-1/2

[Event "Hunan Belt and Road Open 2019"]
[Site "Hunan"]
[Date "2019.08.02"]
[Round "5.23"]
[White "Tan, Zhongyi"]
[Black "Gusain, Himal"]
[Result "1-0"]
[WhiteElo "2511"]
[BlackElo "2407"]
[Annotator "TA"]
[PlyCount "77"]
[EventDate "2019.07.29"]
[EventType "swiss"]
[EventCountry "CHN"]
[SourceTitle "playchess.com"]
[Source "ChessBase"]
[SourceQuality "1"]

{[%evp 9,77,13,20,-83,0,0,0,0,26,18,29,26,26,19,43,20,53,18,35,25,60,22,71,67,132,95,101,89,101,104,100,35,41,24,43,39,86,52,47,38,44,61,54,54,34,0,105,119,102,35,193,223,524,518,865,853,982,964,975,897,925,862,29989,29990,29991,1135,1129,1120,6170,5310]} 1. d4 Nf6 2. c4 b6 3. f3 Nc6 4. e4 e5 5. d5 Bb4+ 6. Bd2 {[#] A50: Queen's Fianchetto Defence (1 d4 Nf6 2 c4 b6)} (6. Nd2 $11) 6... Bxd2+ (6... Nxe4 $1 $17 {[%mdl 512] Strongly threatening ...Qh4+.} 7. dxc6 (7. fxe4 Qh4+) 7... Qh4+ 8. g3 Nxg3 9. hxg3 Qxh1 10. Bxb4 Qxg1 11. cxd7+ Bxd7) 7. Qxd2 Nd4 $146 ({Predecessor:} 7... Ne7 8. Nc3 d6 9. O-O-O O-O 10. h4 a6 11. Kb1 {½-½ (30) Vitiugov,N (2725)-Ehlvest,J (2535) Berlin 2015}) 8. Ne2 {The position is equal.} Nxe2 (8... c5 {is more complex.} 9. Nxd4 exd4 10. Bd3 d6 11. O-O O-O) 9. Bxe2 O-O 10. Nc3 d6 11. O-O-O a6 12. Kb1 Bd7 13. a3 Qe7 14. g4 Rfb8 15. Rc1 Ne8 16. h4 g6 (16... c5 $14) 17. g5 Ng7 18. f4 b5 19. cxb5 Bxb5 20. Bxb5 ({White should play} 20. Bf3 $16) 20... axb5 $14 21. Na2 {[%cal Bc3a2,Ba2b4,Bb4c6][%mdl 32]} exf4 22. Qxf4 Nh5 23. Qf3 Rf8 24. Nb4 Rae8 25. Rhe1 f6 26. Nc6 $36 {[%mdl 2048] White has the initiative.} Qd7 27. Qb3 fxg5 (27... Qg4 $11 {remains equal.}) 28. hxg5 $16 Nf4 29. Qxb5 Rb8 $2 (29... Qg4 $1 $14) 30. Qc4 $18 Rb7 $2 (30... Rbe8 31. a4 Qh3) 31. Rc2 Nh3 (31... Nh5 $142 32. e5 Qh3) 32. e5 Nxg5 33. e6 Qe8 34. Rf1 Rxf1+ 35. Qxf1 Rb3 36. Qf6 h6 37. Rf2 (37. Ne7+ $142 Qxe7 38. Qxe7 c5 39. dxc6 Rb8 40. c7 Rc8 41. Rf2 Ra8 42. Rf6 Nxe6 43. Rxe6 Kh8 44. Rxg6 h5 45. Qg7#) 37... Re3 38. Rh2 Nxe6 39. Ne7+ {[%mdl 64] Double Attack. Accuracy: White = 49%, Black = 26%.} 1-0

[Event "Hunan Belt and Road Open 2019"]
[Site "Hunan"]
[Date "2019.08.02"]
[Round "5.24"]
[White "Dai, Changren"]
[Black "Chu, Wei Chao"]
[Result "1/2-1/2"]
[WhiteElo "2510"]
[BlackElo "2406"]
[Annotator "TA"]
[PlyCount "130"]
[EventDate "2019.07.29"]
[EventType "swiss"]
[EventCountry "CHN"]
[SourceTitle "playchess.com"]
[Source "ChessBase"]
[SourceQuality "1"]

{[%evp 12,130,4,14,38,20,24,25,29,25,36,23,25,18,31,18,28,29,35,13,19,21,16,0,32,35,30,22,87,51,71,0,10,0,0,0,0,0,0,0,107,111,71,0,0,0,0,0,0,0,14,24,15,15,27,27,14,6,6,6,8,8,23,23,23,23,23,23,23,144,127,23,64,23,23,23,23,23,23,23,23,23,8,0,0,0,0,0,0,0,0,0,0,0,0,0,0,0,0,0,0,0,0,0,0,0,0,0,0,0,0,0,0,0,0,0,0,0,0,0,0]} 1. e4 c5 2. d4 cxd4 3. Nf3 d6 4. Nxd4 Nf6 5. Nc3 a6 6. h3 e5 7. Nde2 h5 {B90: Sicilian Najdorf: Unusual White 6th moves, 6 Be3 Ng4 and 6 Be3 e5} 8. g3 (8. Nd5 Nxd5 9. Qxd5 Nc6 10. Qd1 Be6 11. Nc3 Rc8 12. Be3 Ne7 13. Be2 d5 14. exd5 Nxd5 15. Nxd5 Qxd5 {½-½ (26) Wang,H (2730)-Giri,A (2783) St Petersburg 2018}) 8... Nbd7 9. a4 Be7 {White has an edge.} 10. Bg2 b6 11. Nd5 Nxd5 12. Qxd5 Rb8 13. Nc3 Bb7 14. Qd1 h4 15. g4 Nc5 16. O-O Ne6 17. Be3 O-O {[#]} 18. Qd2 $146 ({Predecessor:} 18. Nd5 Bxd5 19. exd5 {0-1 (74) Pavasovic,D (2579)-Nepomniachtchi,I (2656) Rijeka 2010}) 18... Qc7 19. Rfd1 Rfd8 (19... Rfc8 $11 {remains equal.}) 20. Rac1 Rbc8 21. g5 (21. Nd5 $16 Bxd5 22. exd5) 21... g6 $11 22. Bf3 Re8 23. Bg4 Qd8 {[%cal Re6g5]} 24. Bxe6 fxe6 25. Qe2 $1 Rxc3 (25... Bf8 $11) 26. bxc3 $16 Bxe4 {[#]} 27. Qc4 ({Reject} 27. Qxa6 Bxg5 28. Rxd6 Qxd6 $11) ({White should try} 27. Rb1 $1 $16) 27... d5 28. Qxe4 $1 dxe4 29. Rxd8 Rxd8 $11 {[%mdl 4096] Endgame KRB-KRB} 30. Rb1 Bc5 31. Bxc5 bxc5 {KR-KR} 32. Re1 Rd2 33. Rxe4 {[%mdl 64] [#] Double Attack} Rxc2 34. Rc4 Kf7 35. Rxc5 Ke7 36. Rc4 e4 37. Rxe4 Rxc3 38. Rxh4 e5 39. Kg2 Ke6 40. Rb4 Kf5 41. h4 (41. Rb6 $16) 41... a5 42. Rb6 e4 $1 43. Rf6+ Kg4 44. Rxg6 {Rh6 is the strong threat.} Kxh4 45. Re6 {Hoping for g6.} Kxg5 46. Rxe4 {Threatens to win with Re5+.} Kf6 47. f3 {The position is equal.} Rc1 48. Kg3 Kf5 49. Rh4 {Strongly threatening Rh5+.} Rg1+ 50. Kf2 Ra1 51. Rc4 Ke5 52. Kg3 {aiming for Rc5+.} Rg1+ 53. Kh4 Kf5 54. Re4 (54. Rg4 {is more complex.} Rh1+ 55. Kg3 Rg1+ 56. Kh3 Rb1 57. Rc4) 54... Rh1+ 55. Kg3 Rg1+ 56. Kf2 Ra1 57. Rh4 Ke5 58. Rc4 Kf5 59. Ke3 {Black must now prevent Rc5+.} Ra3+ 60. Kf2 Ra1 61. f4 Ra3 62. Ke2 Kg4 63. Rd4 Rb3 64. Kd2 Rf3 65. Rd5 Kxf4 {Accuracy: White = 61%, Black = 71%.} 1/2-1/2

[Event "Hunan Belt and Road Open 2019"]
[Site "Hunan"]
[Date "2019.08.02"]
[Round "5.25"]
[White "Bilguun, Sumiya"]
[Black "Lin, Yi"]
[Result "1-0"]
[WhiteElo "2482"]
[BlackElo "2406"]
[Annotator "TA"]
[PlyCount "71"]
[EventDate "2019.07.29"]
[EventType "swiss"]
[EventCountry "CHN"]
[SourceTitle "playchess.com"]
[Source "ChessBase"]
[SourceQuality "1"]

{[%evp 9,71,0,13,8,12,10,17,12,10,-4,-6,0,27,21,47,38,37,0,41,36,25,23,62,23,31,4,0,0,0,-5,12,12,29,0,16,24,23,26,30,12,27,-37,-12,-6,-2,-2,-2,-3,0,0,7,11,78,22,70,85,188,180,250,251,290,275,389,380]} 1. e4 e5 2. Bc4 Nf6 3. Qe2 Nc6 4. Nf3 Be7 5. O-O (5. d4 d6 6. dxe5 Nxe5 7. Nxe5 dxe5 8. O-O c6 9. a4 O-O 10. Bd2 Bc5 11. b4 Bd6 12. c3 a5 {½-½ (94) Hector,J (2488)-Naiditsch,A (2710) Germany 2015}) 5... O-O 6. d3 {C55: Two Knights: 4 d3, 4 d4 exd4 5 e5 and Max Lange Attack} Bc5 7. c3 d6 8. a4 $146 {aiming for b4.The position is equal.} ({Predecessor:} 8. Bb3 Bg4 9. Nbd2 Na5 10. Bc2 {1-0 (22) Basilio,J-Santos,A Vila Nova de Gaia 2015}) 8... a5 9. Bg5 h6 10. Bh4 Be6 11. Nbd2 Ba7 12. Kh1 Qe7 13. Rfe1 Rfe8 14. Bb5 Bd7 15. Nc4 Bc5 16. Ne3 Bxe3 17. fxe3 Nb8 18. Bxf6 Qxf6 19. Rf1 Bxb5 20. axb5 Qe7 21. b4 c6 22. bxa5 cxb5 23. Qb2 Rc8 24. Ra3 Na6 25. d4 (25. Nd2 $11) 25... exd4 26. exd4 Qxe4 27. Qxb5 Nc7 28. Qb3 $36 {[%mdl 2048] White has some pressure.} Ne6 29. Re1 Qd3 30. Qxb7 {next a6 is good for White.} Nf4 (30... Rcb8 $11 31. Qd5 Qa6) 31. Qb1 (31. a6 $16) 31... Qxb1 32. Rxb1 Ne2 (32... Rc6 $16) 33. Rbb3 $18 Rc6 (33... Nf4 $142 34. a6 Ra7) 34. g3 Nc1 35. Rb2 Rca6 (35... Nd3 $142 36. Rd2 Nc1) 36. Ra1 {Accuracy: White = 63%, Black = 27%.} 1-0

[Event "Hunan Belt and Road Open 2019"]
[Site "Hunan"]
[Date "2019.08.02"]
[Round "5.26"]
[White "Zou, Chen"]
[Black "Yeoh, Li Tian"]
[Result "1-0"]
[WhiteElo "2440"]
[BlackElo "2528"]
[Annotator "TA"]
[PlyCount "64"]
[EventDate "2019.07.29"]
[EventType "swiss"]
[EventCountry "CHN"]
[SourceTitle "playchess.com"]
[Source "ChessBase"]
[SourceQuality "1"]

{[%evp 9,64,32,20,22,38,26,40,27,34,32,26,12,15,6,6,0,27,4,8,0,0,0,0,0,13,4,8,3,4,3,43,17,41,41,51,39,168,147,298,287,377,352,594,204,882,0,1497,1481,1474,1495,1322,1333,1318,1310,1259,1240,1168]} 1. e4 e5 2. Nf3 Nc6 3. Bb5 g6 4. c3 Bg7 5. d4 exd4 6. cxd4 {C60: Ruy Lopez: Unusual Black 3rd moves and 3...g6} a6 7. Ba4 b5 8. Bb3 {White is slightly better.} (8. Bc2 d6 9. d5 Na5 10. O-O Ne7 11. Bd2 Bxb2 12. Bxa5 Bxa1 13. Nc3 {1-0 (24) Navara,D (2733)-Salgado Lopez,I (2624) Germany 2019}) 8... Nge7 9. d5 Na5 10. Bc2 O-O $146 ({Predecessor:} 10... d6 11. O-O {½-½ (48) Tokhirjonova,G (2390)-Saydaliev,S (2255) Voronezh 2016}) 11. O-O d6 12. Nc3 c5 13. dxc6 Nexc6 14. Nd5 Bg4 15. h3 Bxf3 $1 16. Qxf3 Nd4 17. Qd1 Nxc2 18. Qxc2 Nc4 $1 19. a4 Rc8 20. axb5 axb5 21. Qb3 Qh4 22. Bf4 Rfe8 ({Black should play} 22... Rc5 $14) 23. Qxb5 $18 Nxb2 $2 (23... g5 $16) 24. Ra7 {Black must now prevent Qd7!} Bd4 {intending ...Nd3.} 25. g3 Qh5 $2 {[#]} (25... Qxh3 26. Ne7+ {[%mdl 64] Double Attack} Kg7) 26. Qb7 $2 $40 {[%mdl 128] White is out for blood.} (26. e5 $1 {[%mdl 512] aiming for Nf6+.} Bxe5 27. Re7 Rxe7 28. Nxe7+ Kg7 29. Nxc8 Bxf4 30. Qxh5 gxh5 31. gxf4) 26... g5 $2 (26... Kh8) 27. g4 $2 (27. Ne7+ $18 Kg7 28. Be3 Bxa7 29. Qxb2+ f6 30. Nf5+ Kg6 31. Qb7) 27... Qg6 $2 {[%mdl 8192]} (27... Qxh3 $11 28. Nf6+ {[%mdl 64] Double Attack} Kh8 29. Qxf7 {[%mdl 64] Double Attack} Bxa7 30. Nxe8 Qxg4+ {[%mdl 64] Double Attack} 31. Kh1 Qh4+ 32. Kg1 Qg4+ 33. Kh1 Qh3+ 34. Kg1 Qg4+) 28. Ne7+ {[%mdl 64] Overworked Piece. White is clearly winning.} Rxe7 29. Qxc8+ Kg7 30. Rxe7 gxf4 31. Re8 Kh6 32. Rg8 Bg7 {Accuracy: White = 51%, Black = 38%.} 1-0

[Event "Hunan Belt and Road Open 2019"]
[Site "Hunan"]
[Date "2019.08.02"]
[Round "5.27"]
[White "Wang, Yiye"]
[Black "Lei, Tingjie"]
[Result "1/2-1/2"]
[WhiteElo "2440"]
[BlackElo "2505"]
[Annotator "TA"]
[PlyCount "105"]
[EventDate "2019.07.29"]
[EventType "swiss"]
[EventCountry "CHN"]
[SourceTitle "playchess.com"]
[Source "ChessBase"]
[SourceQuality "1"]

{[%evp 22,105,21,2,22,0,0,0,0,-12,-9,-6,-4,-26,-8,-19,-8,-26,-26,-26,-26,-26,-14,-26,-26,-28,-26,-26,-26,-28,-28,-28,-28,-28,-26,-28,-28,-41,-30,-50,-41,-48,-47,-47,0,0,0,0,0,0,0,0,0,0,0,0,0,0,0,0,0,0,4,4,25,14,14,0,0,0,0,0,0,-48,-48,-48,-48,-48,-48,-48,-48,-48,-48,-48,-48,-48]} 1. c4 Nf6 2. Nf3 e6 3. g3 d5 4. Bg2 Be7 5. O-O O-O 6. d4 dxc4 7. Qc2 a6 8. a4 Bd7 9. Qxc4 Bc6 10. Bg5 a5 11. Nc3 Na6 12. Rfd1 Nb4 {E05: Open Catalan: 5 Nf3 Be7} 13. Ne5 {[%cal Rg2c6]} (13. Rac1 Rc8 14. e3 Bxf3 15. Bxf3 c6 16. Qb3 Nfd5 17. Bxe7 Qxe7 18. Bxd5 exd5 19. Na2 Nxa2 20. Qxa2 h5 21. h4 Rfe8 22. Qb3 Qd7 {½-½ (22) Vorobiov,E (2571)-Sasikiran,K (2632) Cappelle-la-Grande 2016}) 13... Bd5 14. Nxd5 exd5 {The position is equal.} 15. Qb3 c6 16. Nd3 Re8 $146 ({Predecessor:} 16... Nd7 17. Bxe7 Qxe7 18. Nxb4 axb4 19. Qd3 Rfe8 20. e3 h5 21. h4 Nf6 22. b3 {½-½ (22) Frendzas,P (2307)-Milonakis,G (2273) Anogia 2018}) 17. e3 Nxd3 18. Rxd3 {[#] Strongly threatening Bxf6.} Bb4 19. Qd1 h6 20. Bxf6 Qxf6 21. Qf3 Qd6 22. Bh3 g6 23. Bg2 Kg7 24. h4 h5 25. Bh3 Re4 26. Qe2 Rae8 27. Bg2 R4e7 28. Bh3 Qf6 29. Bg2 Bd6 30. Rad1 Qe6 31. Rc1 Rh8 32. Qf3 {[#]} g5 $1 {[%mdl 512]} 33. hxg5 Qg6 34. Qf6+ Qxf6 35. gxf6+ Kxf6 36. Kf1 h4 37. gxh4 Rxh4 38. Ke2 Rh2 39. Kf3 Ke6 40. Rdd1 f5 (40... Rh8 {keeps more tension.} 41. Rh1 Ree8 42. Bh3+ f5 43. Rcg1 Kf6) 41. Rh1 Rxh1 42. Rxh1 $11 {[%mdl 4096] Endgame KRB-KRB} Rf7 43. Rh6+ Kd7 44. Bh3 Kc7 45. Rh5 f4 46. Bf5 fxe3 47. Rh7 (47. fxe3 {looks sharper.} Kb6 48. Ke2 Bb4 49. Rg5 Rf8 50. Rh5) 47... Rxh7 {Black is slightly better.} 48. Bxh7 exf2 49. Kxf2 $15 {KB-KB} Bf8 50. b3 Bg7 51. Ke3 b6 52. Bg8 Kd6 53. Kd3 {Accuracy: White = 60%, Black = 67%.} 1/2-1/2

[Event "Hunan Belt and Road Open 2019"]
[Site "Hunan"]
[Date "2019.08.02"]
[Round "5.28"]
[White "Xu, Zhihang"]
[Black "Li, Yankai"]
[Result "1-0"]
[WhiteElo "2501"]
[BlackElo "2439"]
[Annotator "TA"]
[PlyCount "65"]
[EventDate "2019.07.29"]
[EventType "swiss"]
[EventCountry "CHN"]
[SourceTitle "playchess.com"]
[Source "ChessBase"]
[SourceQuality "1"]

{[%evp 12,65,12,11,15,0,18,19,20,21,15,15,19,14,21,29,24,17,10,10,55,55,54,54,70,59,88,68,66,71,88,78,104,114,116,116,116,97,164,150,138,162,215,206,208,210,320,313,568,558,759,652,1042,966,29987,29988]} 1. c4 c5 2. Nc3 Nc6 3. Nf3 e5 4. g3 g6 5. Bg2 Bg7 6. a3 a5 7. d3 Nge7 {A37: Symmetrical English vs ...g6: 4 Bg2 Bg7 5 Nf3} (7... d6 8. O-O Nge7 9. Rb1 O-O 10. Bd2 Be6 11. Na4 h6 12. Ne1 Rb8 13. b4 axb4 14. axb4 cxb4 15. Nc2 b5 16. cxb5 Rxb5 17. Nxb4 Nxb4 18. Bxb4 Qd7 19. Nc3 Rb6 20. Qa4 Qxa4 21. Nxa4 Ra6 22. Nc3 Rb8 {½-½ (22) Pantsulaia,L (2593)-Moiseenko,A (2659) Batumi 2018}) 8. Bg5 h6 (8... f6 {seems wilder.} 9. Bd2 d6 10. h4 h6 11. Qc1 Be6) 9. Bxe7 Nxe7 {The position is equal.} 10. O-O $146 ({Predecessor:} 10. Rb1 O-O 11. Nd2 Nc6 12. Nd5 Rb8 13. Qa4 d6 14. b4 Bd7 15. bxc5 {0-1 (40) Watson,J-Olafsson,H New York 1977}) 10... O-O 11. Nd2 d6 12. Rb1 Nc6 13. Nd5 Be6 14. e3 Rb8 15. Qa4 Bd7 16. Ne4 $36 {[%mdl 2048] White has the initiative.} Be8 17. Qb3 b6 18. Nec3 Ne7 19. Qd1 Nxd5 20. Bxd5 Kh8 21. b4 axb4 22. axb4 {[%cal Ba3b4,Bb4b5][%mdl 32]} f5 23. b5 $1 g5 24. Ra1 g4 (24... e4 $16 {was called for.}) 25. Ra7 h5 26. Kg2 Bg6 {[#]} (26... Rf6 $142 27. f3 Bg6 28. fxg4 fxg4) 27. Rh1 $1 $18 Qg5 {[#]} 28. h3 $1 f4 (28... Rf6 {might work better.} 29. hxg4 fxg4) 29. hxg4 fxe3 $2 (29... fxg3 30. Kxg3 Bf6) 30. f3 Bh6 31. Ne4 Qd8 {[#]} 32. g5 $1 {[%mdl 512]} Bxe4 (32... Bxg5 33. f4) 33. Rxh5 {[%mdl 64] Pin. Accuracy: White = 88%, Black = 33%.} 1-0

[Event "Hunan Belt and Road Open 2019"]
[Site "Hunan"]
[Date "2019.08.02"]
[Round "5.29"]
[White "Fang, Yan"]
[Black "Lou, Yiping"]
[Result "1/2-1/2"]
[WhiteElo "2424"]
[BlackElo "2489"]
[Annotator "TA"]
[PlyCount "50"]
[EventDate "2019.07.29"]
[EventType "swiss"]
[EventCountry "CHN"]
[SourceTitle "playchess.com"]
[Source "ChessBase"]
[SourceQuality "1"]

{[%evp 16,50,22,0,29,12,12,14,14,0,14,12,13,0,0,0,0,0,0,0,14,14,18,-16,0,0,1,3,8,8,12,0,0,0,0,2,5]} 1. d4 Nf6 2. Nf3 g6 3. g3 d5 4. Bg2 Bg7 5. O-O c6 6. b3 O-O 7. Bb2 Bf5 8. c4 Nbd7 9. Nc3 Ne4 {D78: Fianchetto Grünfeld: 6 0-0 c6} 10. cxd5 (10. e3 Nxc3 11. Bxc3 Nf6 12. Qe2 Ne4 13. Bb2 a5 14. Rfc1 a4 15. cxd5 cxd5 16. Qb5 Qd6 17. bxa4 Bd7 18. Ba3 Qxa3 19. Qxd7 Qb2 {½-½ (30) Mchedlishvili,M (2602)-Korobov,A (2668) Kocaeli 2017}) 10... Nxc3 {The position is equal.} 11. Bxc3 {White wants to play dxc6.} cxd5 12. Qd2 Be4 13. Rfc1 $146 ({Predecessor:} 13. Rac1 Bxf3 14. Bxf3 Nf6 15. Bb4 Qd7 16. Qe3 Rfe8 17. Rc2 e6 18. Rfc1 Rec8 19. Qd3 Bf8 20. Bc5 Bh6 21. e3 {½-½ (61) Alzate,D-Kinzel,A Havana 1966}) 13... a5 14. e3 Qb6 15. Ne1 Bxg2 16. Kxg2 Nf6 17. Nd3 Ne4 18. Qd1 Qe6 19. Nc5 (19. Be1 {seems wilder.} b6 20. Rc7 Qd6 21. Rc2 Qd7 22. Rac1) 19... Nxc5 20. dxc5 Bxc3 (20... Rfd8 {looks sharper.} 21. Bxg7 Kxg7 22. Qd4+ f6 23. Rd1 Qc6) 21. Rxc3 Qc6 {[#] aiming for ...d4+.} 22. Kg1 e5 23. Qd2 Rfd8 24. Rd1 d4 25. Rd3 {[%cal Re3d4]} Qxc5 {Accuracy: White = 35%, Black = 63%.} 1/2-1/2

[Event "Hunan Belt and Road Open 2019"]
[Site "Hunan"]
[Date "2019.08.02"]
[Round "5.30"]
[White "Wang, Chen"]
[Black "Xie, Jianjun"]
[Result "1-0"]
[WhiteElo "2476"]
[BlackElo "2417"]
[Annotator "ChessBase"]
[PlyCount "87"]
[EventDate "2019.07.29"]
[EventType "swiss"]
[EventCountry "CHN"]
[SourceTitle "playchess.com"]
[Source "ChessBase"]
[SourceQuality "1"]
[TimeControl "5400+30"]

1. e4 {[%emt 0:00:00]} d6 {[%emt 0:00:00]} 2. d4 {[%emt 0:00:25]} Nf6 {[%emt 0:00:00]} 3. Nc3 {[%emt 0:00:47]} c6 {[%emt 0:00:00]} 4. Nf3 {[%emt 0:02:16]} Bg4 {[%emt 0:00:22]} 5. h3 {[%emt 0:02:04]} Bh5 {[%emt 0:00:52]} 6. g4 {[%emt 0:00:37]} Bg6 {[%emt 0:00:08]} 7. Qe2 {[%emt 0:00:06]} e6 {[%emt 0:13:21]} 8. h4 {[%emt 0:02:14]} h5 {[%emt 0:00:06]} 9. g5 {[%emt 0:00:04]} Nfd7 {[%emt 0:00:03]} 10. Bh3 {[%emt 0:00:16]} Be7 {[%emt 0:00:14]} 11. O-O {[%emt 0:00:49]} d5 {[%emt 0:00:53]} 12. Re1 {[%emt 0:33:56]} Nf8 {[%emt 0:24:35]} 13. exd5 {[%emt 0:24:09]} cxd5 {[%emt 0:00:17]} 14. Qb5+ {[%emt 0:01:42]} Qd7 {[%emt 0:17:12]} 15. Nxd5 {[%emt 0:03:35]} Qxb5 {[%emt 0:03:24]} 16. Nc7+ {[%emt 0:00:17]} Kd8 {[%emt 0:00:03]} 17. Nxb5 {[%emt 0:00:04]} a6 {[%emt 0:00:04]} 18. Nc3 {[%emt 0:00:17]} Bxc2 {[%emt 0:02:44]} 19. d5 {[%emt 0:01:19]} Nbd7 {[%emt 0:00:31]} 20. dxe6 {[%emt 0:04:30]} Nxe6 {[%emt 0:00:15]} 21. Bxe6 {[%emt 0:00:05]} fxe6 {[%emt 0:00:04]} 22. Nd4 {[%emt 0:00:04]} Bf5 {[%emt 0:00:15]} 23. Nxe6+ {[%emt 0:00:19]} Bxe6 {[%emt 0:00:09]} 24. Rxe6 {[%emt 0:00:01]} Bc5 {[%emt 0:03:53]} 25. Bf4 {[%emt 0:01:02]} Re8 {[%emt 0:00:50]} 26. Rxe8+ {[%emt 0:04:28]} Kxe8 {[%emt 0:00:01]} 27. Ne4 {[%emt 0:00:26]} Rc8 {[%emt 0:05:02]} 28. Rc1 {[%emt 0:01:02]} Rc6 {[%emt 0:00:08]} 29. Kg2 {[%emt 0:00:17]} Ke7 {[%emt 0:03:50]} 30. Bd2 {[%emt 0:00:36]} Bd4 {[%emt 0:02:39]} 31. Rxc6 {[%emt 0:02:25]} bxc6 {[%emt 0:00:01]} 32. b3 {[%emt 0:00:10]} Ke6 {[%emt 0:03:38]} 33. f4 {[%emt 0:00:39]} g6 {[%emt 0:02:20]} 34. Kf3 {[%emt 0:00:05]} Nc5 {[%emt 0:02:09]} 35. Ng3 {[%emt 0:00:51]} Bb2 {[%emt 0:00:43]} 36. f5+ {[%emt 0:02:31]} gxf5 {[%emt 0:00:48]} 37. Nxh5 {[%emt 0:00:06]} Ne4 {[%emt 0:00:29]} 38. Nf4+ {[%emt 0:00:51]} Kf7 {[%emt 0:00:07]} 39. Be1 {[%emt 0:00:12]} Bc3 {[%emt 0:01:17]} 40. Bxc3 {[%emt 0:03:35]} Nxc3 {[%emt 0:00:02]} 41. h5 {[%emt 0:00:31]} Nxa2 {[%emt 0:00:33]} 42. Nd3 {[%emt 0:08:03]} Nc3 {[%emt 0:00:22]} 43. Ne5+ {[%emt 0:00:18]} Kg7 {[%emt 0:00:22]} 44. Nxc6 {[%emt 0:00:20]} 1-0

[Event "Hunan Belt and Road Open 2019"]
[Site "Hunan"]
[Date "2019.08.02"]
[Round "5.31"]
[White "Setyaki, Azarya Jodi"]
[Black "Adhiban, B.."]
[Result "0-1"]
[WhiteElo "2409"]
[BlackElo "2665"]
[Annotator "TA"]
[PlyCount "82"]
[EventDate "2019.07.29"]
[EventType "swiss"]
[EventCountry "CHN"]
[SourceTitle "playchess.com"]
[Source "ChessBase"]
[SourceQuality "1"]

{[%evp 18,82,17,24,27,14,23,24,27,18,16,9,23,15,16,8,31,-15,10,19,29,-78,-82,-82,-83,-83,-66,-83,-84,-111,-83,-184,-83,-86,-81,-110,-111,-228,0,-117,-109,-111,-110,-148,-118,-200,-100,-242,-242,-461,-301,-619,-606,-681,-685,-552,-426,-1473,-1428,-3254,-2081,-2214,-2099,-29989,-29990,-29991,-29992]} 1. e4 c5 2. Nf3 d6 3. d4 cxd4 4. Nxd4 Nf6 5. Nc3 a6 6. f3 e5 7. Nb3 Be6 8. Be3 Be7 9. Qd2 h5 10. Be2 Nbd7 {B90: Sicilian Najdorf: Unusual White 6th moves, 6 Be3 Ng4 and 6 Be3 e5} 11. Nd5 Nxd5 12. exd5 Bf5 {White has an edge.} 13. O-O O-O (13... Bg6 14. a4 a5 15. Bd3 Bxd3 16. Qxd3 O-O 17. Nd2 f5 18. Qb5 Qc7 19. c3 {0-1 (45) Vidit,S (2718)-Andriasian,Z (2591) chess.com INT 2018}) 14. Na5 Qc8 15. c4 Bd8 16. Rac1 Re8 17. Qb4 $146 ({Predecessor:} 17. Nb3 a5 18. c5 {½-½ (68) Green,W (2439)-Acevedo Villalba,A (2542) ICCF email 2010}) 17... Nc5 18. Qa3 e4 19. f4 (19. Bxc5 $1 $11 dxc5 20. fxe4 {[%mdl 64] Discovered Attack}) 19... Nd3 $17 20. Rc2 Bg4 21. Bxg4 hxg4 22. b4 Qd7 23. Rb1 Rc8 24. Nb3 (24. g3 $17) 24... Bf6 (24... b5 $19 {is more deadly.} 25. c5 dxc5 26. bxc5 Bc7) 25. Na5 {[#]} g3 $1 {[%mdl 512]} 26. h3 (26. hxg3 Qg4) 26... Bd8 27. Nb3 (27. Rf1 $17) 27... Bf6 ({Black should try} 27... b5 $1 $19 28. Nd2 Qb7) 28. Na5 $1 Kh7 29. Qb3 Bd8 30. Qa3 f5 31. Rf1 {[#]} (31. Qc3 $17) 31... Bxa5 (31... g5 $1 $19 {[%mdl 512]} 32. fxg5 {[#]} f4 $1 {[%mdl 512]}) 32. Qxa5 (32. bxa5 $17 {was forced.} Qe7 33. Rb1) 32... b5 $19 {[%cal Bb7b5,Bb5c4,Bc4c3,Bc3c2][%mdl 32]} 33. Rb1 $2 (33. c5 {is a better defense.}) 33... Qb7 34. a4 $2 (34. c5) 34... Rxc4 35. Rxc4 bxc4 36. b5 Qxd5 37. Qxa6 (37. Qc3 $142 axb5 38. axb5) 37... c3 {( -> ...c2)} 38. Qc6 Qxc6 39. bxc6 c2 40. Rb7 d5 41. c7 {[#]} d4 $1 {[%mdl 512] Accuracy: White = 25%, Black = 66%.} 0-1